| 000 | 00000nam##2200000za#4500 |
| 001 | 9.571300 |
| 003 | CaOODSP |
| 005 | 20210624182646 |
| 007 | cr ||||||||||| |
| 008 | 150406|1998||||xxc|||||o f|0| 0 eng|d |
| 040 | |aCaOODSP|beng |
| 043 | |an-cn--- |
| 086 | 1 |aTU3-5/98-20E-PDF |
| 110 | 2 |aTransportation Safety Board of Canada. |
| 245 | 10|aFuel exhaustion, Avionair Inc., Piper Navajo PA-31-350 C-GUVK, La Grande 3 Airport, Quebec, 4 nm SE, 14 May 1998 |h[electronic resource] |
| 260 | |aGatineau - Quebec : |bTransportation Safety Board of Canada |c[1999]. |
| 300 | |a7p. |
| 490 | 1 |aAviation investigation report |vA98Q0069 |
| 590 | |a12-01-Supp|b2012-01-13 |
| 775 | 08|tPanne sèche, Avionair Inc. Piper Navajo PA-31-350 C-GUVK 4 nm au sud-est de l'aéroport de La Grande 3 (Québec), 14 mai 1998 |w(CaOODSP)9.601916 |
| 830 | #0|aAviation investigation report ;|vA98Q0069|w(CaOODSP)9.504825 |
| 856 | 40|ahttp://publications.gc.ca|qPDF|s78 KB|uhttps://publications.gc.ca/collections/collection_2011/bst-tsb/TU3-5-98-20-eng.pdf|yA98Q0069 |